<?xml version="1.0" encoding="utf-8"?>
<?xml-stylesheet type='text/xsl' href='./oai2.xsl'?>
<OAI-PMH xmlns="http://www.openarchives.org/OAI/2.0/" xmlns:xsi="http://www.w3.org/2001/XMLSchema-instance" xsi:schemaLocation="http://www.openarchives.org/OAI/2.0/ http://www.openarchives.org/OAI/2.0/OAI-PMH.xsd">
  <responseDate>2026-06-04T02:36:14Z</responseDate>
  <request verb="GetRecord" metadataPrefix="marcxml" identifier="record_kuniweb_401059">https://kulturerbe.niedersachsen.de/oai</request>
  <GetRecord>
    <record>
      <header>
        <identifier>record_kuniweb_401059</identifier>
        <datestamp>2025-08-28T09:38:22Z</datestamp>
        <setSpec>slg0183</setSpec>
      </header>
      <metadata>
        <marc:record xmlns:marc="http://www.loc.gov/MARC21/slim" xsi:schemaLocation="http://www.loc.gov/MARC21/slim http://www.loc.gov/standards/marcxml/schema/MARC21slim.xsd">
          <marc:leader>12345nkm  22     uu 4500</marc:leader>
          <marc:controlfield tag="001">401059</marc:controlfield>
          <marc:controlfield tag="003">http://kuniweb.gbv.de</marc:controlfield>
          <marc:controlfield tag="005">2020-10-22T13:53:19</marc:controlfield>
          <marc:controlfield tag="008">|           ||||||||||||||||||||||</marc:controlfield>
          <marc:datafield tag="245" ind1="1" ind2="0">
            <marc:subfield code="a">Kampf am Regenstein</marc:subfield>
          </marc:datafield>
          <marc:datafield tag="720" ind1=" " ind2=" ">
            <marc:subfield code="a">Rudolph Friedrich August Henneberg</marc:subfield>
          </marc:datafield>
          <marc:datafield tag="655" ind1=" " ind2="7">
            <marc:subfield code="a">Malerei</marc:subfield>
          </marc:datafield>
          <marc:datafield tag="046" ind1=" " ind2=" ">
            <marc:subfield code="k">1857</marc:subfield>
            <marc:subfield code="k">1857 (Signatur)</marc:subfield>
          </marc:datafield>
          <marc:datafield tag="260" ind1=" " ind2=" ">
            <marc:subfield code="g">1857</marc:subfield>
            <marc:subfield code="g">1857 (Signatur)</marc:subfield>
          </marc:datafield>
          <marc:datafield tag="300" ind1=" " ind2=" ">
            <marc:subfield code="a">Breite: 201,5 cm
Höhe: 92,6 cm
Tiefe: 2 cm
Höhe: 108,8 cm (Rahmen)
Breite: 217,5 cm (Rahmen)
Tiefe: 7,8 cm (Rahmen)</marc:subfield>
          </marc:datafield>
          <marc:datafield tag="520" ind1=" " ind2=" ">
            <marc:subfield code="a">Ein mittelalterliches Reitergefecht zu Füßen des Bergmassivs. Aus Rauch- und Staubwolken des linken Hintergrundes sprengen bewaffnete Horden in die vordere Ebene, mischen sich unter kämpfende Haufen, aus denen sich Fliehende oder Geschlagene herauslösen. Fast schwarz erscheinen die Gesteinsformationen auf dem hell-sandigen Grund.  (Thom 1988, S. 52/53; Städtisches Museum Braunschweig)

Aufschrift:
"R. Henneberg / 1857." (Signatur, unten links)

Aufschrift:
Rückseite Keilrahmen papierverklebt, o. Mitte: "No 133" (Blei), darüber auf der Papierverklebung: "Kampf a. Regenstein 133 Henneberg" (Bleistift, seitenverkehrt), u. li.: "Henneberg" (Blei), u. Mitte alter Klebezettel m. rundem Museumsstempel, "Nr. / 133 / Henneberg" (Tinte); Schmuckrahmen o. Mitte: "203" (Blei), o. re. Beschriftung nicht lesbar, u. Stempel: "MADE IN ITALY", 2. Stempel daneben: "LAZZARIS-SPRESIOANO" (Rest nicht lesbar)

Literatur in Zusammenhang:
Riegel 1877, S. 367ff.; Museumsführer 1971, S. 53 (sw-Abb.); Museumsführer 1908, S. 66 (Bild erw.); Lange 2008a, S. 356, Abb. 8; Boetticher I,2 (1891/1948), S. 521, Nr. 6; AK Berlin 1877, S. 14, Kat.-Nr. 160; Riegel 1877, S. 367 ff.

Beschrieben in:
M. Thom, „Der Braunschweiger Maler Rudolf Henneberg 1825 - 1876“. 1988. (S. 50 - 54.)

Veröffentlicht in:
R. F. A. Henneberg und Mollowitz, S., „Sehnsucht Italien - Die Künstlerreisen von Rudolf Henneberg“. Schnell &amp; Steiner, Regensburg, 2017. (S. 56, Nr. 15.)

Veröffentlicht in:
„Weitblick : Städtisches Museum Braunschweig und Kulturen der Welt : Städtisches Museum Braunschweig, Haus am Löwenwall, Ausstellung 31. Oktober 2017-20. Februar 2018“. Michael Imhof Verlag, Petersberg, 2017. (S. 172 - 173, Abb. S. 70.)

Veröffentlicht in:
J. M. Nauhaus, „Die Gemäldesammlung des Städtischen Museums Braunschweig : vollständiges Bestandsverzeichnis und Verlustdokumentation. Die Gemäldesammlung // Städtisches Museum Braunschweig“. Olms, Hildesheim [u.a.], 2009. (S. 190, Kat.-Nr. 481.)</marc:subfield>
          </marc:datafield>
          <marc:datafield tag="650" ind1="1" ind2=" ">
            <marc:subfield code="a">Gemälde</marc:subfield>
          </marc:datafield>
          <marc:datafield tag="650" ind1="1" ind2=" ">
            <marc:subfield code="a">Kampf</marc:subfield>
          </marc:datafield>
          <marc:datafield tag="650" ind1="1" ind2=" ">
            <marc:subfield code="a">Malerei</marc:subfield>
          </marc:datafield>
          <marc:datafield tag="650" ind1="1" ind2=" ">
            <marc:subfield code="a">Malerei &gt; Gemälde</marc:subfield>
          </marc:datafield>
          <marc:datafield tag="650" ind1="1" ind2=" ">
            <marc:subfield code="a">Malerei</marc:subfield>
          </marc:datafield>
          <marc:datafield tag="650" ind1="1" ind2=" ">
            <marc:subfield code="a">Regenstein (Sachsen-Anhalt)</marc:subfield>
          </marc:datafield>
          <marc:datafield tag="773" ind1="0" ind2=" ">
            <marc:subfield code="t">Sammlung Malerei</marc:subfield>
          </marc:datafield>
          <marc:datafield tag="852" ind1=" " ind2=" ">
            <marc:subfield code="a">Städtisches Museum Braunschweig</marc:subfield>
          </marc:datafield>
          <marc:datafield tag="" ind1=" " ind2=" ">
            <marc:subfield code="a">Namensnennung - Nicht kommerziell - Keine Bearbeitungen 4.0 International (CC BY-NC-ND 4.0)</marc:subfield>
          </marc:datafield>
        </marc:record>
      </metadata>
    </record>
  </GetRecord>
</OAI-PMH>
